| 000 | 00485nam a2200181Ia 4500 | ||
|---|---|---|---|
| 999 |
_c5634 _d5634 |
||
| 008 | 200103s 1988 ||||xx |||||||||||||| ||und|| | ||
| 020 | _a9780434905577 | ||
| 082 |
_a623.82 _bEYR |
||
| 100 | _aEyres, D. J. | ||
| 245 | 0 | _aShip construction | |
| 250 | _a3rd ed. | ||
| 260 |
_bHeinemann Professional Publishing _c1988 _aLondon |
||
| 300 | _ax, 339p. | ||
| 650 | _aMaterials and strength of ships | ||
| 650 | _aWelding and cutting | ||
| 650 | _aShip structure | ||
| 942 | _cBK | ||